GIS Solutions in natural resource management:balancing the technical-political equation/ (Record no. 1887)

000 -LEADER
fixed length control field 00585nam a22001457a 4500
008 - FIXED-LENGTH DATA ELEMENTS--GENERAL INFORMATION
fixed length control field 150702b xxu||||| |||| 00| 0 eng d
020 ## - INTERNATIONAL STANDARD BOOK NUMBER
International Standard Book Number 1566901464
050 ## - LIBRARY OF CONGRESS CALL NUMBER
Classification number G 60.212 .G58 1998
100 ## - MAIN ENTRY--PERSONAL NAME
Dates associated with a name 1999
245 ## - TITLE STATEMENT
Title GIS Solutions in natural resource management:balancing the technical-political equation/
Statement of responsibility, etc. Morain, Stan.
260 ## - PUBLICATION, DISTRIBUTION, ETC. (IMPRINT)
Place of publication, distribution, etc. United states:
Name of publisher, distributor, etc. Onwordpress,
Date of publication, distribution, etc. 1999.
300 ## - PHYSICAL DESCRIPTION
Extent xii,364p.
Other physical details index
440 ## - SERIES STATEMENT/ADDED ENTRY--TITLE
Title GIS Solutions in natural resource managemen:balancing the tehnical-political equation/
942 ## - ADDED ENTRY ELEMENTS (KOHA)
Source of classification or shelving scheme
Koha item type Hard Covered Materials
Classification part G 60.212 .G58 1998
Call number prefix G
Call number suffix 60.212 .G58 1998
Koha issues (borrowed), all copies 1
Holdings
Withdrawn status Lost status Source of classification or shelving scheme Damaged status Not for loan Home library Current library Date acquired Source of acquisition Total Checkouts Full call number Barcode Date last seen Date last checked out Price effective from Koha item type
          MACHAKOS UNIVERSITY LIBRARY MACHAKOS UNIVERSITY LIBRARY 02/07/2015 B.F.A 1 G 60.212 .G58 1998 5888 19/06/2019 17/11/2017 02/07/2015 Hard Covered Materials
© Machakos University Library, Along The Highway, Machakos Wote Rd, Machakos, Kenya P.O. Box 136 - 90100 Machakos - Kenya

Tel: ( +254 ) 723 805829 OR Fax : 044-20353 OR Email: library@mksu.ac.ke